[Event "Oberliga Nord N9394"]
[Site "Germany"]
[Date "1994.??.??"]
[Round "?"]
[White "Blauert, Joerg"]
[Black "Ehrke, Anja"]
[Result "1-0"]
[WhiteElo "2390"]
[BlackElo "2190"]

1.e4 e6 2.d4 d5 3.Nd2 Nc6 4.c3 e5 5.exd5 Qxd5 6.Ngf3 exd4 7.Bc4 Qf5 8.Nxd4 Nxd4
9.cxd4 Be6 10.Qa4+ Bd7 11.Qb3 O-O-O 12.O-O Be6 13.Re1 Bxc4 14.Nxc4 f6 15.Be3 Qd5
16.Bf4 g5 17.Bg3 Ne7 18.Rac1 Nc6 19.Re8 Kb8 20.Nb6 Qxd4 21.Rxc6 bxc6 22.Nd7+  1-0

[Event "Graz op"]
[Site "Graz"]
[Date "1994.??.??"]
[Round "6"]
[White "Dvoirys, Semen I"]
[Black "Kovacevic, Vlatko"]
[Result "1-0"]
[WhiteElo "2550"]
[BlackElo "2485"]

1.e4 e6 2.d4 d5 3.Nd2 Nc6 4.Ngf3 Nf6 5.e5 Nd7 6.Be2 a6 7.Nf1 f6 8.exf6 Nxf6
9.Ng3 Bd6 10.O-O O-O 11.c4 Bd7 12.Bg5 h6 13.Bd2 Be8 14.Rc1 Bg6 15.Be3 Kh8
16.Nh4 Bh7 17.Bd3 Ne4 18.Nf3 Nb4 19.Bb1 Nxg3 20.hxg3 Bxb1 21.Rxb1 dxc4 22.Qc1 b5
23.Bxh6 Nxa2 24.Qe3 Nb4 25.Bg5 Qe8 26.Nh4 Kg8 27.Qe4 e5 28.Qg4 Nd3 29.b3 exd4
30.bxc4 Ne5 31.Qxd4 Nxc4 32.Rbe1 Qf7 33.g4 c5 34.Qd3 Rfe8 35.Nf5 Bf8 36.Be7 Rac8
37.Bxf8 Kxf8 38.g5 Rxe1 39.Rxe1 Re8 40.Rd1 Qe6 41.Qh3 b4 42.g6 Qxg6 43.Rd7 Kg8
44.Rxg7+ Qxg7 45.Nxg7 Re1+ 46.Kh2 Nd2 47.Qg4 Ne4 48.Ne6+ Kf7 49.Qf5+  1-0

[Event "GRE-ch"]
[Site "?"]
[Date "1994.??.??"]
[Round "5"]
[White "Tzoumbas, Anastasios"]
[Black "Tzermiadianos, Andreas"]
[Result "1-0"]
[WhiteElo "2290"]
[BlackElo "2350"]

1.e4 e6 2.d4 d5 3.Nd2 Nc6 4.Ngf3 Nf6 5.e5 Nd7 6.c3 f6 7.exf6 Qxf6 8.Nb3 Bd6
9.Bg5 Qf7 10.Be2 O-O 11.O-O e5 12.Be3 e4 13.Ng5 Qe7 14.c4 Nd8 15.cxd5 Nf6
16.Nc5 h6 17.Nge6 Nxe6 18.Nxe6 Bxe6 19.dxe6 Qxe6 20.Rc1 Kh8 21.Bc4 Qd7 22.Qb3 c6
23.Be6 Qe7 24.g3 a5 25.a4 Rae8 26.d5 cxd5 27.Bxd5 Qd7 28.Bc4 Qh3 29.Be2 Ng4
30.Bxg4 Qxg4 31.Rfd1 Be5 32.Qb5 Re6 33.Rd5 Bf4 34.h3 Qxh3 35.Bxf4 Rxf4 36.Rh5 Qg4
37.Rh4 Qg6 38.Rxf4 e3 39.Qf5 Qxf5 40.Rxf5 e2  1-0

[Event "Groningen op"]
[Site "Groningen"]
[Date "1994.??.??"]
[Round "1"]
[White "Fries Nielsen, Jens Ove"]
[Black "Wagenmakers, Eric Jan"]
[Result "1/2-1/2"]
[WhiteElo "2420"]
[BlackElo "2240"]

1.d4 e6 2.e4 d5 3.Nd2 Nc6 4.Ngf3 Nf6 5.e5 Nd7 6.c4 dxc4 7.Nxc4 Nb6 8.a3 Nxc4
9.Bxc4 Ne7 10.O-O Bd7 11.Qe2 Bc6 12.Bg5 h6 13.Bxe7 Bxe7 14.Bb5 Qd5 15.Bxc6+ Qxc6
16.Rac1 Qd7 17.d5 Qxd5 18.Rxc7 Bd8 19.Rc3 O-O 20.Rd1 Qa5 21.Nd4 Bb6 22.Nb5 Rac8
23.Rxc8 Rxc8 24.Nd6 Rd8 25.g3 Qc5 26.Rd3 f6 27.Rc3  1/2-1/2

[Event "Groningen op"]
[Site "Groningen"]
[Date "1994.??.??"]
[Round "3"]
[White "Kroeze, Frank M"]
[Black "Wagenmakers, Eric Jan"]
[Result "1/2-1/2"]
[WhiteElo "2405"]
[BlackElo "2240"]

1.e4 e6 2.d4 d5 3.Nd2 Nc6 4.Ngf3 Nf6 5.e5 Nd7 6.c3 f6 7.exf6 Qxf6 8.Nb3 Bd6
9.Bg5 Qf7 10.Bb5 O-O 11.O-O Qh5 12.h4 h6 13.Be3 Ne7 14.Bxd7 Bxd7 15.Ne5 Qxh4
16.g3 Qh3 17.Nxd7 Bxg3 18.fxg3 Qxg3+ 19.Kh1 Qh3+ 20.Kg1 Qg3+  1/2-1/2

[Event "SWE-ch"]
[Site "Haparanda"]
[Date "1994.??.??"]
[Round "3"]
[White "Schneider, Lars Ake"]
[Black "Ornstein, Axel"]
[Result "0-1"]
[WhiteElo "2440"]
[BlackElo "2445"]

1.e4 e6 2.d4 d5 3.Nd2 a6 4.Ngf3 c5 5.exd5 exd5 6.Be2 c4 7.O-O Nf6 8.Ne5 Be7
9.Bf3 b5 10.Re1 O-O 11.Nf1 Ra7 12.Ng3 Be6 13.Bg5 h6 14.Bf4 Re8 15.c3 Qc8
16.Qd2 Bf8 17.h3 a5 18.a3 Nc6 19.Re2 Ra6 20.Rae1 b4 21.a4 Nxe5 22.dxe5 Nd7
23.Bxd5 Nc5 24.Bxe6 Qxe6 25.Ne4 Nd3 26.Rd1 bxc3 27.bxc3 Rb6 28.Qe3 Reb8 29.Bg3 Rb1
30.Rxb1 Rxb1+ 31.Kh2 Ra1 32.Nd6 Rxa4 33.Qd4 f5 34.f4 g5 35.Rd2 Bg7 36.fxg5 f4
37.Bh4 Bxe5 38.Qb6 f3+  0-1

[Event "Harkany op"]
[Site "Harkany"]
[Date "1994.??.??"]
[Round "4"]
[White "Wells, Peter K"]
[Black "Blees, Albert"]
[Result "1-0"]
[WhiteElo "2490"]
[BlackElo "2420"]

1.e4 e6 2.d4 d5 3.Nd2 a6 4.Ngf3 c5 5.dxc5 Bxc5 6.Bd3 Nf6 7.Qe2 Nc6 8.exd5 Qxd5
9.Ne4 Nb4 10.Nxf6+ gxf6 11.Be4 Qh5 12.Be3 Be7 13.a3 f5 14.Bd3 Nxd3+ 15.Qxd3 Bd7
16.O-O-O Bb5 17.Qc3 O-O 18.Qc7 Bf6 19.Bd4 Qh6+ 20.Kb1 Rac8 21.Qg3+ Kh8 22.Ne5 Qg7
23.Qf4 Rfd8 24.Rhe1 Rd5 25.g4 Rxd4 26.Rxd4 fxg4 27.a4 Be8 28.Rb4 h5 29.Rxb7 Kg8
30.f3 gxf3 31.Nxf3 Bc6 32.Rg1 Bxb7 33.Qxf6 Qxg1+ 34.Nxg1 Be4 35.Nf3 Rxc2
36.Ka2 Rg2 37.Qd8+ Kh7 38.Ng5+  1-0

[Event "Havana op"]
[Site "Havana"]
[Date "1994.??.??"]
[Round "1"]
[White "De la Paz, Frank"]
[Black "Pecorelli Garcia, Humberto"]
[Result "1/2-1/2"]
[WhiteElo "2250"]
[BlackElo "2405"]

1.e4 e6 2.d4 d5 3.Nd2 Nc6 4.c3 e5 5.exd5 Qxd5 6.Ngf3 exd4 7.Bc4 Qf5 8.O-O Be6
9.Bxe6 fxe6 10.Nxd4 Nxd4 11.cxd4 O-O-O 12.Nf3 Bd6 13.Qa4 Kb8 14.Be3 Ne7 15.d5 a6
16.dxe6 Qxe6 17.Rfe1 Qd7 18.Qxd7 Rxd7 19.Bd4 Nd5 20.Rad1 Nb4 21.Bc5 Nc6  1/2-1/2

[Event "Havana op"]
[Site "Havana"]
[Date "1994.??.??"]
[Round "4"]
[White "Gonzales, Renieo"]
[Black "Daneri, Martin"]
[Result "1-0"]
[WhiteElo "2220"]
[BlackElo "2255"]

1.e4 e6 2.d4 d5 3.Nd2 Nc6 4.Ngf3 Nf6 5.e5 Nd7 6.c3 f6 7.exf6 Qxf6 8.Bd3 Bd6
9.O-O O-O 10.Nb3 e5 11.dxe5 Ncxe5 12.Nxe5 Nxe5 13.Be2 c6 14.f4 Ng6 15.g3 Bh3
16.Rf2 Rae8 17.Bf1 Bxf1 18.Qxf1 Bc7 19.Re2 Bb6+ 20.Kg2 Qf5 21.Bd2 Qc2 22.Rae1 Rxe2+
23.Qxe2 Qxb2 24.f5 Rxf5 25.Qe6+ Rf7 26.Rf1  1-0

[Event "IND-ch"]
[Site "?"]
[Date "1994.??.??"]
[Round "5"]
[White "Ravi, Thandalam Shanmugam"]
[Black "Ravi, Lanka"]
[Result "0-1"]
[WhiteElo "2340"]
[BlackElo "2425"]

1.e4 e6 2.d4 d5 3.Nd2 a6 4.Ngf3 c5 5.dxc5 Bxc5 6.Bd3 Nc6 7.c3 Nf6 8.O-O Qc7
9.Qe2 Bd7 10.a3 O-O-O 11.b4 Bd6 12.c4 dxe4 13.Nxe4 Nxe4 14.Bxe4 f5 15.Bc2 Ne5
16.Bg5 Rde8 17.Rfc1 Nxf3+ 18.Qxf3 Bxh2+ 19.Kh1 Be5 20.Rab1 Bc6 21.Qh3 h6
22.Be3 f4 23.b5 fxe3 24.bxc6 exf2 25.cxb7+ Kb8 26.Be4 Rhf8 27.Bf3 Rf4 28.Qh5 g6
29.Qh3 Qd8 30.g4 h5 31.Qg3 hxg4 32.Bc6 f1=Q+ 33.Rxf1 Rxf1+ 34.Kg2 Bxg3  0-1

[Event "JUG-ch sf"]
[Site "Kladovo"]
[Date "1994.??.??"]
[Round "?"]
[White "Filipovic, Branko"]
[Black "Drasko, Milan"]
[Result "1/2-1/2"]
[WhiteElo "2405"]
[BlackElo "2545"]

1.e4 e6 2.d4 d5 3.Nd2 Nc6 4.Ngf3 Nf6 5.e5 Nd7 6.Bd3 Nb4 7.Be2 c5 8.c3 Nc6
9.Bd3 cxd4 10.cxd4 Nb6 11.O-O Bd7 12.a3 a5 13.Nb1 Be7 14.Nc3 Na7 15.g3 Rc8
16.h4 Nc4 17.a4 h6 18.Ne2  1/2-1/2

[Event "Kstovo op"]
[Site "Kstovo"]
[Date "1994.??.??"]
[Round "1"]
[White "Balashov, Yuri S"]
[Black "Goriatchkin, Jouri"]
[Result "1/2-1/2"]
[WhiteElo "2505"]
[BlackElo "2285"]

1.e4 e6 2.d4 d5 3.Nd2 Nc6 4.Ngf3 Nh6 5.c3 f5 6.exd5 exd5 7.Nb3 Nf7 8.Bf4 Bd6
9.Qe2+ Qe7 10.Bxd6 Nxd6 11.Ne5 Nxe5 12.dxe5 Ne4 13.O-O-O c6 14.f3 Nc5 15.Nxc5 Qxc5
16.f4  1/2-1/2

[Event "Las Vegas op"]
[Site "Las Vegas"]
[Date "1994.??.??"]
[Round "?"]
[White "Salazar, Hernan"]
[Black "Marcus, Joost"]
[Result "0-1"]
[WhiteElo "2370"]
[BlackElo "2300"]

1.e4 e6 2.d4 d5 3.Nd2 Be7 4.c3 Nf6 5.Bd3 c5 6.e5 Nfd7 7.Ne2 b6 8.Nf4 Ba6
9.Bxa6 Nxa6 10.Qg4 g6 11.O-O cxd4 12.cxd4 Nb4 13.Nf3 Nc2 14.Rb1 Rc8 15.h4 Nb8
16.h5 Nc6 17.hxg6 hxg6 18.Nxe6 fxe6 19.Qxg6+ Kd7 20.Qxc2 Qe8 21.Bf4 Qh5 22.Bh2 Rcf8
23.Rfc1 Bc5 24.Qa4 Rxf3 25.gxf3 Qxh2+ 26.Kf1 Qf4 27.Ke2 Rh3 28.Rc3 Qxd4  0-1

[Event "Lazne Bohdanec"]
[Site "Lazne Bohdanec"]
[Date "1994.??.??"]
[Round "3"]
[White "Kuporosov, Viktor"]
[Black "Hausner, Ivan"]
[Result "1/2-1/2"]
[WhiteElo "2520"]
[BlackElo "2480"]

1.e4 e6 2.d4 d5 3.Nd2 Be7 4.Ngf3 Nf6 5.Bd3 c5 6.exd5 Qxd5 7.dxc5 Nbd7 8.O-O Nxc5
9.Bc4 Qh5 10.Re1 Ncd7 11.b3 O-O 12.Bb2 Rd8 13.Nd4 Qxd1 14.Raxd1 Nb6 15.Bf1 Bc5
16.N2f3 Bd7 17.Ne5 Be8 18.a3 Rac8 19.c4 Nfd7 20.Nd3 Bf8 21.g3 Nb8 22.Bg2 Nc6
23.Nxc6 Bxc6 24.Ne5 Bxg2 25.Kxg2 f6 26.Nd3  1/2-1/2

[Event "Lazne Bohdanec"]
[Site "Lazne Bohdanec"]
[Date "1994.??.??"]
[Round "10"]
[White "Kuporosov, Viktor"]
[Black "Rogers, Ian"]
[Result "1/2-1/2"]
[WhiteElo "2520"]
[BlackElo "2565"]

1.e4 e6 2.d4 d5 3.Nd2 Nc6 4.Ngf3 Nf6 5.e5 Nd7 6.Be2 Be7 7.Nf1 f6 8.exf6 Nxf6
9.Ng3 O-O 10.O-O Ne4 11.c3 Nxg3 12.hxg3 Bf6 13.Bd3 Bd7 14.Qe2 Qe7 15.Re1 Rae8  1/2-1/2

[Event "Linares op"]
[Site "Linares"]
[Date "1994.??.??"]
[Round "5"]
[White "Dimitrov, Vladimir"]
[Black "Carpintero, Javier"]
[Result "1-0"]
[WhiteElo "2460"]
[BlackElo "2265"]

1.e4 e6 2.d4 d5 3.Nd2 Nc6 4.Ngf3 Nf6 5.e5 Nd7 6.Bd3 f6 7.exf6 Qxf6 8.O-O Bd6
9.c4 O-O 10.Nb3 Nb4 11.c5 Nxd3 12.Qxd3 e5 13.Ng5 e4 14.Qh3 h6 15.Qe6+ Qxe6
16.Nxe6 Rf6 17.cxd6 Rxe6 18.dxc7 Rc6 19.Bf4 Rc4 20.Rfd1 b6 21.Rac1 Bb7 22.Rxc4 dxc4
23.Nd2 b5 24.d5 Bxd5 25.Nxc4 Be6 26.Nd6 Nb6 27.Nxb5 Nd5 28.Nc3  1-0

[Event "London4"]
[Site "London"]
[Date "1994.??.??"]
[Round "?"]
[White "O'Shaughnessy, Conor"]
[Black "Maduekwe, Chiedu"]
[Result "0-1"]
[WhiteElo "2295"]
[BlackElo "2235"]

1.e4 e6 2.d4 d5 3.Nd2 a6 4.Ngf3 c5 5.exd5 exd5 6.Be2 c4 7.O-O Bd6 8.b3 cxb3
9.axb3 Ne7 10.c4 O-O 11.Re1 Nbc6 12.c5 Bc7 13.Nf1 b6 14.Bb2 bxc5 15.dxc5 Ba5
16.N1d2 Bb4 17.Bd3 Bf5 18.Qc2 Bg6 19.Ra4 a5 20.Bxg6 hxg6 21.Rd1 Qc8 22.Nf1 Rb8
23.Ne3 Rb5 24.Nxd5 Rxc5 25.Nxe7+ Nxe7 26.Qb1 Nd5 27.Ne5 Nc3 28.Bxc3 Rxc3
29.Nc4 Qc5 30.Ra2 Rc8 31.Rc1 Rxc1+ 32.Qxc1 Re8 33.Kf1 Qc7 34.Re2 Rc8 35.Qe3 Qxh2
36.Ra2 Qh1+ 37.Ke2 Qxg2 38.Qf3 Re8+ 39.Ne3 Qg1 40.Qc6 Qe1+ 41.Kf3 Qh1+ 42.Ng2 Qh3+
43.Kf4 g5+ 44.Kxg5 Re5+ 45.Kf4 Rf5+ 46.Ke4 Qxg2+ 47.Kxf5 Qxc6  0-1

[Event "London op"]
[Site "London"]
[Date "1994.??.??"]
[Round "9"]
[White "Hunt, Harriet"]
[Black "Richmond, Peter"]
[Result "1-0"]
[WhiteElo "2165"]
[BlackElo "2215"]

1.e4 e6 2.d4 d5 3.Nd2 a6 4.c3 c5 5.Bd3 Nc6 6.Ngf3 Nf6 7.O-O cxd4 8.cxd4 Be7
9.Re1 O-O 10.e5 Ne8 11.Nf1 f5 12.exf6 Bxf6 13.Be3 Nd6 14.Ng3 g6 15.Qd2 Nf7
16.Rad1 e5 17.dxe5 Ncxe5 18.Nxe5 Nxe5 19.Be2 Nc4 20.Bxc4 dxc4 21.Qb4 Qc7
22.Bc5 Bd7 23.Qxc4+ Kh8 24.Re7 Rad8 25.Rexd7 Rxd7 26.Rxd7  1-0

[Event "SWZ-ch int"]
[Site "Luzern"]
[Date "1994.??.??"]
[Round "4"]
[White "Sermek, Drazen"]
[Black "Landenbergue, Claude"]
[Result "1/2-1/2"]
[WhiteElo "2515"]
[BlackElo "2450"]

1.e4 e6 2.d4 d5 3.Nd2 a6 4.Ngf3 c5 5.exd5 exd5 6.dxc5 Bxc5 7.Bd3 Nf6 8.O-O O-O
9.Nb3 Bb6 10.Re1 Bg4 11.Be3 Nc6 12.c3 Re8 13.Bxb6 Qxb6 14.Be2  1/2-1/2

[Event "CRO-chT"]
[Site "Makarska"]
[Date "1994.??.??"]
[Round "5"]
[White "Paraminski, Albina"]
[Black "Macek, Vlasta"]
[Result "0-1"]
[WhiteElo "2060"]
[BlackElo "2250"]

1.e4 e6 2.d4 d5 3.Nd2 Nc6 4.Ngf3 Nf6 5.e5 Nd7 6.c3 f6 7.Qe2 fxe5 8.Nxe5 Ncxe5
9.dxe5 Be7 10.g3 O-O 11.Bh3 Nc5 12.b4 Na4 13.Qd3 c5 14.a3 Qe8 15.f4 a5 16.Rb1 axb4
17.axb4 cxb4 18.cxb4 Bd7 19.Nf3 Bd8 20.Nd4 Bb6 21.Be3 Rc8 22.O-O Nc3 23.Rb2 Bxd4
24.Qxd4 Bb5 25.Re1 Rf7 26.Bg4 Rc4 27.Qb6 Na4 28.Qxe6 Nxb2 29.Qxe8+ Bxe8 30.Be6 Rxb4
31.Bxd5 Bc6 32.Bxf7+ Kxf7 33.e6+ Ke8 34.Ra1 Na4 35.f5 Re4 36.Bd2 Re2 37.Bf4 Rg2+
38.Kf1 Rxh2 39.Ra3 Ke7 40.Kg1 Rg2+ 41.Kf1 Rc2 42.Bg5+ Kf8  0-1

[Event "Mar del Plata op"]
[Site "Mar del Plata"]
[Date "1994.??.??"]
[Round "8"]
[White "Langier, Daniel"]
[Black "Rodriguez, Andres"]
[Result "1/2-1/2"]
[WhiteElo "2305"]
[BlackElo "2435"]

1.e4 e6 2.d4 d5 3.Nd2 Nc6 4.Ngf3 Nh6 5.Bd3 Nb4 6.Be2 dxe4 7.Nxe4 Nf5 8.O-O Be7
9.c4 O-O 10.b3 c6 11.a3 Na6 12.Bb2 Nc7 13.Qc2 f6 14.Bd3 Rf7 15.Kh1 g6 16.Rfe1 Qf8
17.Qd2 Nd6  1/2-1/2

[Event "Marijampole op"]
[Site "Marijampole"]
[Date "1994.??.??"]
[Round "8"]
[White "Zvara, Petr"]
[Black "Gradalski, Przemyslaw"]
[Result "0-1"]
[WhiteElo "2315"]
[BlackElo "2225"]

1.e4 e6 2.d4 d5 3.Nd2 Nc6 4.c3 e5 5.Ngf3 dxe4 6.Nxe4 exd4 7.Bc4 Be6 8.Bxe6 fxe6
9.O-O Qd7 10.cxd4 O-O-O 11.Bg5 Be7 12.Bxe7 Ngxe7 13.Nc5 Qd5 14.Re1 e5 15.Qa4 a6
16.Rad1 Nf5 17.Nxe5 Ncxd4 18.Ned3 Nh4 19.Re4 Qg5 20.g3 Nhf3+ 21.Kg2 Qh5 22.h3 Ng5
23.Rh4 Qf3+ 24.Kh2 Qd5 25.Rf4 Rhf8 26.Nb3 Ngf3+ 27.Kh1 Nh4+ 28.f3 Rxf4 29.Nxf4 Qxf3+
30.Kh2 Qxd1 31.gxh4 Nxb3 32.axb3 Qd2+ 33.Ng2 Qxb2  0-1

[Event "Maromme op"]
[Site "Maromme"]
[Date "1994.??.??"]
[Round "?"]
[White "Georgiev, Krum"]
[Black "Legky, Nikolay A"]
[Result "1/2-1/2"]
[WhiteElo "2470"]
[BlackElo "2525"]

1.e4 e6 2.d4 d5 3.Nd2 a6 4.Ngf3 c5 5.dxc5 Bxc5 6.Bd3 Nc6 7.O-O Nb4 8.Be2 Nf6
9.e5 Nd7 10.c4 O-O 11.a3 Nc6 12.Nb3 Ba7 13.Bf4 Bb8 14.cxd5 exd5 15.Qxd5 Ndxe5
16.Qxd8 Rxd8 17.Nxe5 Bxe5 18.Bxe5 Nxe5 19.Rfd1 Be6 20.Nc5  1/2-1/2

[Event "Wch U20 Girls"]
[Site "Matinhos"]
[Date "1994.??.??"]
[Round "?"]
[White "Peptan, Corina"]
[Black "Chervonenko, Irina"]
[Result "1-0"]
[WhiteElo "2265"]
[BlackElo "2135"]

1.e4 e6 2.d4 d5 3.Nd2 a6 4.Ngf3 c5 5.exd5 exd5 6.dxc5 Bxc5 7.Nb3 Bb6 8.Be2 Nc6
9.c3 Nge7 10.Nbd4 O-O 11.O-O Qd6 12.Be3 Bc7 13.Re1 Bg4 14.g3 Qd7 15.Nxc6 Nxc6
16.Nd4 Bxe2 17.Rxe2 Rfe8 18.Kg2 Rad8 19.Nxc6 Qxc6 20.Bd4 Re4 21.Rd2 b5 22.Qh5 Qe6
23.Rad1 h6 24.Qf3 Be5 25.Bxe5 Qxe5 26.Rd4 Rxd4 27.Rxd4 Rd6 28.Qd3 Qe6 29.a4 Qd7
30.axb5 axb5 31.Kg1 Qc6 32.Rb4 Qa6 33.Qxb5 Qxb5 34.Rxb5 d4 35.cxd4 Rxd4 36.Rb8+ Kh7
37.Kg2 Rd2 38.Rb6 g6 39.Kf3 Kg7 40.Ke3 Rc2 41.b4 Rb2 42.h4 h5 43.Rb8 Kf6
44.f3 Ke5 45.Rb5+ Ke6 46.Kf4 Rb3 47.Rb6+ Ke7 48.b5 f6 49.Ke4 Kf7 50.Rb8 Kg7
51.b6 Kf7 52.Kd5 Rxf3 53.b7  1-0

[Event "Montecatini Terme op"]
[Site "Montecatini Terme"]
[Date "1994.??.??"]
[Round "?"]
[White "Loncar, Robert"]
[Black "Vezzosi, Paolo"]
[Result "1/2-1/2"]
[WhiteElo "2410"]
[BlackElo "2300"]

1.e4 e6 2.d4 d5 3.Nd2 Be7 4.Ngf3 Nf6 5.Bd3 c5 6.e5 Nfd7 7.c3 Nc6 8.O-O Qb6
9.dxc5 Qc7 10.b4 a5 11.Rb1 Ndxe5 12.Bb5 O-O 13.Nxe5 Nxe5 14.a4 Bd7 15.Nb3 axb4
16.cxb4 Bxb5 17.axb5 Nc4 18.b6 Qd7 19.Nd2 Qb5 20.Nxc4 Qxc4 21.Qb3 Qb5 22.Qg3 Bf6
23.Qc7 Rab8 24.Qg3 e5 25.Bg5 Bxg5 26.Qxg5 Rfe8 27.f4 f6 28.Qf5 Rbd8 29.fxe5 Rxe5
30.Qg4 Re4 31.Qg3 Rxb4 32.Qc7 Re8 33.Rbe1 Rbe4 34.Rb1 Qc6 35.Qxc6 bxc6 36.b7 Rb8
37.Rb6 Re7 38.Rfb1 Kf7 39.Rxc6 Rbxb7 40.Rxb7 Rxb7 41.Rd6  1/2-1/2

[Event "Moscow-ch"]
[Site "Moscow"]
[Date "1994.??.??"]
[Round "?"]
[White "Gelman, Alexander"]
[Black "Saruhanjan, Moris"]
[Result "1-0"]
[WhiteElo "2400"]
[BlackElo "2325"]

1.e4 e6 2.d4 d5 3.Nd2 a6 4.Ngf3 c5 5.exd5 exd5 6.Qe2+ Be7 7.dxc5 Nf6 8.Nb3 O-O
9.Bg5 Nbd7 10.O-O-O Nxc5 11.Nxc5 Bxc5 12.Qe5 Be6 13.Bxf6 Qxf6 14.Qxf6 gxf6
15.Nd4 Bg4 16.f3 Bd7 17.h4 Rae8 18.h5 h6 19.Rh4 Re5 20.c3 Rfe8 21.Kd2 Kh8
22.Bd3 Rg8 23.g4 Bxd4 24.cxd4 Ree8 25.Rc1 Rc8 26.Rc5 Rxc5 27.dxc5 Rc8 28.b4 a5
29.a3 axb4 30.axb4 b6 31.cxb6 Rb8 32.Rh1 Rxb6 33.b5 Kg7 34.Rc1 f5 35.gxf5 Kf6
36.Rc5 Ke5 37.Ke3 Bxf5 38.Bxf5 Kxf5 39.Rxd5+ Ke6 40.Kd4 f6 41.f4  1-0

[Event "Moscow"]
[Site "Moscow"]
[Date "1994.??.??"]
[Round "4"]
[White "Ivanov, Victor L"]
[Black "Naumkin, Igor"]
[Result "0-1"]
[WhiteElo "2385"]
[BlackElo "2455"]

1.e4 e6 2.d4 d5 3.Nd2 Nc6 4.Ngf3 Nf6 5.e5 Nd7 6.Be2 f6 7.exf6 Qxf6 8.Nf1 Bd6
9.Ne3 b6 10.O-O Bb7 11.Ng4 Qf5 12.h3 O-O-O 13.Re1 h5 14.Ne3 Qf6 15.c4 Ne7
16.a4 g5 17.a5 g4 18.hxg4 hxg4 19.Nxg4 Qg7 20.Ng5 Rh5 21.Nh3 Nf5 22.axb6 axb6
23.Be3 dxc4 24.Bf3 Rg8 25.Bxb7+ Kxb7 26.Qf3+ c6 27.Nf4 Bxf4 28.d5 exd5 29.Qxf4 Qxg4
30.Ra7+ Kxa7 31.Qc7+ Ka6 32.Ra1+ Kb5  0-1

[Event "Moscow ol (Men)"]
[Site "Moscow"]
[Date "1994.??.??"]
[Round "5"]
[White "Pazos, Plinio"]
[Black "Salman, Mohammad"]
[Result "1-0"]
[WhiteElo "2305"]
[BlackElo "2165"]

1.e4 e6 2.d4 d5 3.Nd2 Nc6 4.Ngf3 Nf6 5.e5 Nd7 6.Be2 f6 7.exf6 Qxf6 8.Nf1 h6
9.Ne3 Bd6 10.O-O O-O 11.h3 Qf7 12.Ng4 Nf6 13.Nge5 Bxe5 14.Nxe5 Nxe5 15.dxe5 Ne4
16.Be3 b6 17.Kh2 Qf5 18.f4 Qf7 19.c4 c5 20.Qc2 Qe7 21.Rae1 Qh4 22.Bd3 Qg3+
23.Kg1 Bb7 24.Re2 g5 25.cxd5 exd5 26.Rf3 Qh4 27.f5 Rae8 28.e6 Ng3 29.Bf2 Nxe2+
30.Qxe2 Qa4 31.f6 Kh8 32.e7 Rf7 33.Bb5 Rexe7 34.fxe7 Rxe7 35.Rf8+  1-0

[Event "Moscow ol (Men)"]
[Site "Moscow"]
[Date "1994.??.??"]
[Round "9"]
[White "Van der Wiel, John TH"]
[Black "Lupu, Mircea Sergiu"]
[Result "0-1"]
[WhiteElo "2555"]
[BlackElo "2420"]

1.e4 e6 2.d4 d5 3.Nd2 a6 4.Ngf3 c5 5.exd5 exd5 6.Be2 Nc6 7.O-O cxd4 8.Re1 Be7
9.Nb3 Nf6 10.Nbxd4 O-O 11.c3 Re8 12.Bg5 h6 13.Bh4 Qb6 14.Qb3 Qxb3 15.axb3 g5
16.Bg3 Ne4 17.Nb5 Nxg3 18.hxg3 Rb8 19.Nc7 Rd8 20.Rad1 Be6 21.b4 Rbc8 22.Nxe6 fxe6
23.Nd2 Rd6 24.Bg4 Nd8 25.Nb3 Rc4 26.Bf3 Rc7 27.Nc5 a5 28.Nxe6 Nxe6 29.Rxd5 Kf7
30.Rxa5 Nd8 31.Rae5 Bf6 32.Re8 Kg7 33.R1e2 Nc6 34.b5 Nd8 35.R8e4 Nf7 36.Kh2 Rb6
37.Rb4 Ne5 38.Bd5 Rd6 39.c4 Nd3 40.b6 Rc5 41.Ra4 Rxb6 42.Ra8 Nb4 43.Be6 Re5
44.Rg8+ Kh7 45.Rxe5 Bxe5 46.Re8 Nc6 47.Bd5 Bf6 48.Rc8 Ne7 49.Rc7 Rxb2 50.Bxb7 Rxf2
51.c5 Kg8 52.Bf3 Rc2 53.c6 Kf7 54.Kh3 Be5 55.Ra7 Rc1 56.Kg4 Kf6 57.Ra6 Bc7
58.Ra7 Bd6 59.Ra6 Ng6  0-1

[Event "Moscow ol (Men)"]
[Site "Moscow"]
[Date "1994.??.??"]
[Round "11"]
[White "Kupreichik, Viktor D"]
[Black "Johansen, Darryl K"]
[Result "0-1"]
[WhiteElo "2545"]
[BlackElo "2495"]

1.e4 e6 2.d4 d5 3.Nd2 Nc6 4.Ngf3 Nf6 5.e5 Nd7 6.c3 f6 7.exf6 Qxf6 8.Bd3 Bd6
9.Qc2 g6 10.O-O O-O 11.Re1 e5 12.Qb3 Qf7 13.Kh1 Kh8 14.Ng5 Qf6 15.Ndf3 e4
16.Nxe4 dxe4 17.Rxe4 Qg7 18.Rh4 h5 19.Qc2 Ne7 20.Bg5 Nf6 21.c4 Nh7 22.c5 Nxg5
23.cxd6 Nf5 24.Rf4 Nxf3 25.Rxf3 cxd6 26.Rc1 Bd7 27.d5 Nd4 28.Rxf8+ Rxf8 29.Qd2 Bf5
30.Bc4 Rc8 31.h3 Kh7 32.b3 Qf6 33.Rc3 Bd7 34.Re3 Qg7  0-1

[Event "Moscow ol (Men)"]
[Site "Moscow"]
[Date "1994.??.??"]
[Round "11"]
[White "Frolov, Artur"]
[Black "Sakaev, Konstantin"]
[Result "1/2-1/2"]
[WhiteElo "2540"]
[BlackElo "2555"]

1.e4 e6 2.d4 d5 3.Nd2 a6 4.Ngf3 c5 5.exd5 exd5 6.Be2 Nc6 7.O-O cxd4 8.Re1 Be7
9.Nb3 Nf6 10.Nfxd4 O-O 11.Bf3 Qc7 12.Nxc6 bxc6 13.Bf4 Qxf4 14.Rxe7 Rb8 15.Qe2 Qd6
16.Qe5 Qxe5 17.Rxe5 Be6  1/2-1/2

[Event "Moscow ol (Men)"]
[Site "Moscow"]
[Date "1994.??.??"]
[Round "11"]
[White "Dimitrov, Vladimir"]
[Black "Landenbergue, Claude"]
[Result "1-0"]
[WhiteElo "2475"]
[BlackElo "2450"]

1.e4 e6 2.d4 d5 3.Nd2 a6 4.Ngf3 c5 5.exd5 exd5 6.Be2 c4 7.b3 cxb3 8.axb3 Bd6
9.O-O Ne7 10.Re1 O-O 11.Nf1 Bf5 12.Ne3 Bg6 13.Ba3 Bxa3 14.Rxa3 Nbc6 15.c3 Rc8
16.b4 Nf5 17.Nxf5 Bxf5 18.Nd2 Qd6 19.Ra2 Ne7 20.Qb3 Rc7 21.Ra5 Qh6 22.Nf1 Rfc8
23.Rc5 Qd6 24.Bf3 Be6 25.Ra1 g6 26.Ne3 Kg7 27.g3 Qd7 28.Qb2 Kg8 29.Qd2 Rd8
30.h4 h5 31.Re1 b6 32.Rxc7 Qxc7 33.Ng2 a5 34.Nf4 Rd6 35.Bxh5 gxh5 36.Nxh5 Bf5
37.bxa5 b5 38.Re5 Qd8 39.Qf4 f6 40.Rxf5 Nxf5 41.Qxf5 Kf7 42.Qh7+ Ke8 43.Ng7+ Kf8
44.Nf5 Rd7 45.Qh6+ Kf7 46.a6 Ke6 47.Ng7+ Kd6 48.Nh5 Rf7 49.Nf4 Rd7 50.Nd3 Kc7
51.Nc5 Re7 52.Kg2 Qd6 53.a7 Qc6 54.Qf4+  1-0

[Event "Moscow ol (Men)"]
[Site "Moscow"]
[Date "1994.??.??"]
[Round "12"]
[White "Ivanchuk, Vassily"]
[Black "Nikolic, Predrag"]
[Result "1/2-1/2"]
[WhiteElo "2695"]
[BlackElo "2655"]

1.e4 e6 2.d4 d5 3.Nd2 a6 4.Ngf3 c5 5.exd5 exd5 6.Be2 c4 7.b3 b5 8.O-O Bd6
9.c3 Ne7 10.a4 Bb7 11.Ba3 Bxa3 12.Rxa3 Nd7 13.axb5 axb5 14.Rxa8 Bxa8 15.bxc4 bxc4
16.Qa1 O-O 17.Bd1 Bc6 18.Re1 Nc8 19.Qa3 Re8 20.Rxe8+ Qxe8 21.Nf1 Qd8 22.Ne3 Qc7
23.Nf5 g6 24.Ne7+ Kg7 25.Nxc8 Qxc8 26.h4 Qf8 27.Qc1 Qe7 28.Bc2 h5 29.Kf1 Nf6
30.Ne5 Ng4 31.Qg5 Qxg5 32.hxg5 Nxe5 33.dxe5 Kf8 34.g3 Ke7 35.Ke2 Bd7 36.Ke3 Bh3
37.Kd4 Bg2 38.f4 Ke6 39.Ba4 Bh1 40.Bc6 Bg2 41.Bb7 Be4 42.Ba6 Bg2 43.Bc8+ Ke7
44.f5 gxf5 45.Bxf5 Bf3 46.Bh7 Bg2 47.Ke3 Bh3 48.Kf4 Bf1 49.Ke3 Bh3 50.Kd4 Bg2
51.Bf5 Bf3 52.Bc2 Ke6 53.g6 fxg6 54.Bxg6 Ke7 55.Bf5 Kf7 56.Ke3 Bg4 57.Bc2  1/2-1/2

[Event "Moscow ol (Men)"]
[Site "Moscow"]
[Date "1994.??.??"]
[Round "13"]
[White "Soylu, Suat"]
[Black "Djurhuus, Rune"]
[Result "1/2-1/2"]
[WhiteElo "2375"]
[BlackElo "2470"]

1.e4 e6 2.d4 d5 3.Nd2 Nc6 4.Ngf3 Nf6 5.e5 Nd7 6.c3 Be7 7.Bb5 a6 8.Ba4 b5
9.Bc2 f6 10.exf6 Bxf6 11.O-O O-O 12.Re1 Re8 13.Nf1 g6 14.Ne3 Bg7 15.Ng4 Qe7
16.h4 Nf6 17.Bg5 Qf8 18.Bxf6 Bxf6 19.h5 gxh5 20.Nxf6+ Qxf6 21.Ne5 Nxe5 22.Rxe5 Re7
23.Qxh5 Bd7 24.Rg5+ Kh8 25.Re1 Rf8 26.f3 Rg8 27.Rxg8+ Kxg8 28.Qe5 Qxe5 29.Rxe5 h6
30.Kf2 Kg7 31.g4 Re8 32.Kg3 Rb8 33.b4 a5 34.Re1 axb4 35.cxb4 Rb6 36.Bb3 Rc6
37.Bxd5 Rd6 38.Bb3 Rxd4 39.Bxe6 Bxe6 40.Rxe6 Rxb4 41.Re7+ Kf6 42.Rxc7 Rb2
43.Rc6+ Kg7 44.Ra6 b4 45.f4 b3 46.axb3 Rxb3+ 47.Kh4 Rb1 48.Re6 Rh1+ 49.Kg3 Rg1+
50.Kf3 Ra1 51.Ke4 Ra4+ 52.Kf5 Ra5+ 53.Re5 Ra7 54.Rc5 Rf7+ 55.Ke5 Re7+ 56.Kd5 Re1
57.Rc7+ Kf6 58.Rc6+ Kg7 59.f5 Rd1+ 60.Ke6 Re1+ 61.Kd7 Re4 62.Re6 Ra4 63.Ke7 Ra7+
64.Kd6 Ra4 65.Rg6+ Kf7 66.Ke5 Rb4 67.Ra6 Rxg4 68.Ra7+ Kg8 69.Kf6 Rb4 70.Ra8+ Kh7  1/2-1/2

[Event "Osterskan op"]
[Site "Osterskan"]
[Date "1994.??.??"]
[Round "?"]
[White "Nouro, Mikael"]
[Black "Karlsson, Lars"]
[Result "0-1"]
[WhiteElo "2275"]
[BlackElo "2500"]

1.e4 e6 2.d4 d5 3.Nd2 a6 4.Ngf3 c5 5.dxc5 Bxc5 6.Bd3 Nf6 7.O-O O-O 8.Qe2 Nc6
9.a3 Bb6 10.c4 Bc7 11.Re1 dxc4 12.Nxc4 b5 13.Ncd2 e5 14.Nb3 Be6 15.Nc5 Bg4
16.Be3 Nh5 17.h3 Nd4 18.Bxd4 Nf4 19.Qe3 Bxf3 20.Bf1 Bxg2 21.Bxg2 Nxg2 22.Kxg2 exd4
23.Qc1 Qd6 24.Rh1 f5 25.b4 fxe4 26.Nxe4 Qg6+ 27.Ng3 Rxf2+  0-1